Geography Quiz

Random Geography or State Quiz

Two-Word States Quiz Stats

 Plays Quiz Updated Nov 2, 2018

Score 0/10 Timer 01:30
0 Plays Today
% Correct
North Dakota
90.6%
South Dakota
88.6%
New York
87.3%
North Carolina
86.7%
South Carolina
85.1%
New Jersey
77.5%
New Mexico
74.3%
New Hampshire
71.9%
West Virginia
59.8%
Rhode Island
46.7%

You're not logged in!

Compare scores with friends on all Sporcle quizzes.
OR
Log In

Sporcle TV

Today on Sporcle TV


Watch our educational content, quiz creation guides, and fun videos on Sporcle TV.

Show Comments

Extras

Top Quizzes Today


Score Distribution

Your Account Isn't Verified!

In order to create a playlist on Sporcle, you need to verify the email address you used during registration. Go to your Sporcle Settings to finish the process.

Report this User

Report this user for behavior that violates our Community Guidelines.

Details: